000 00304nam a2200121Ia 4500
008 220204s9999 xx 000 0 und d
082 _a659.4
_bLES
245 0 _aLesley's public relations handbook
250 _aEd.2
260 _aNew Jersey
_bPrentice Hall
_c1978
700 _aLesly, Philip
942 _cBK
999 _c31609
_d31609